| 000 | 00368nam a22001457a 4500 | ||
|---|---|---|---|
| 999 |
_c12469 _d12469 |
||
| 008 | 210202b ||||| |||| 00| 0 eng d | ||
| 082 | 0 | 0 |
_a823.912 _bC7541 |
| 100 |
_94320 _aConrad, Joseph |
||
| 245 | 1 | 0 |
_aLord jim / _cby Joseph Conrad |
| 250 | _a1st ed. | ||
| 260 |
_aNew York: _bModern Library, _c1931. |
||
| 300 | _a417p. | ||
| 650 | 0 | _aEnglish fiction | |
| 942 | _cBK | ||